Mistrovství Adobe PHOTOSHOP 4.0 : príloha ku knihe : príloha ku knihe
Salvato in:
| Natura: | Libro |
|---|---|
| Lingua: | ceco |
| Pubblicazione: |
Praha :
Computer Press,
1997
|
| Tags: |
Nessun Tag, puoi essere il primo ad aggiungerne!!
|
MARC
| LEADER | 00000nam a22000003a 4500 | ||
|---|---|---|---|
| 001 | stu25876 | ||
| 005 | 20141122071045.5 | ||
| 008 | 980603s1997------------------------cze-d | ||
| 040 | |a STU |b slo | ||
| 041 | 0 | |a cze | |
| 245 | |a Mistrovství Adobe PHOTOSHOP 4.0 : príloha ku knihe : |b príloha ku knihe | ||
| 260 | |a Praha : |b Computer Press, |c 1997 | ||
| 300 | |a CD-ROM | ||
| 996 | |b ECD-244 |c E*CD-244 |l EELSDV |s P |a 0 |w stu25876_0001 | ||